00574nam a22001697a 450000500170000001000150001702000260003203500140005803700090007208200110008110000190009224500960011125000060020726000580021327001130027130000200038420250108102040.0 aENG-143206 c300.00a9789388805230 aEN-126738 bDBAD a305.26 aNivethitha, K. aNursing Interventions among the Elderly Females with Bladder Dysfunction/cBy K. Nivethitha a1 bArchers & Elevators Publishing HouseaBangalorec2019 a131 AGB Lay Out, 6"Cross, Hesaraghatta,Main RoadbBangaloree560090k9164362263marcherselevators@gamail.com a130p.c24cm(pb)